| 000 | 00598nam a2200205 a 4500 | ||
|---|---|---|---|
| 005 | 20240910063910.0 | ||
| 008 | 090602s2006 es r 000 0 spa d | ||
| 020 | _a8426349501 | ||
| 035 | _aUPN01000170850 | ||
| 049 | _aCG | ||
| 050 | 4 |
_aPT2671 O6.7 _bA6.6 |
|
| 100 | 1 |
_aKordon, Klaus, _d1943- |
|
| 245 | 1 | 3 |
_aUn año movido / _cKlaus Kordon ; tr. María Dolores Abalos. |
| 260 |
_aZaragoza, Esp. : _bEdelvives, _c2006. |
||
| 300 | _a140 p. | ||
| 440 | 0 |
_aAla delta. _pVerde ; _v15 |
|
| 534 |
_pTítulo original: _tFelix komnt |
||
| 650 | 4 |
_aLiteratura juvenil alemana _912357 |
|
| 905 | _aLibro | ||
| 999 |
_c142955 _d142955 |
||